000
00298nam a2200133Ia 4500
100
_a
Tucker/ Alan
942
_c
BK
654
_a
Algebra
245
_a
Unified Introduction to Linear Algebra
260
_b
Macmillan
_a
New York
_c
1989
082
_a
512.3
_b
PAN
546
_a
ENGLISH
999
_c
29653
_d
29653